000 00325cam a2200145ua 4500
041 _aeng
_h
100 _asingh, H.P .
245 _aBanana cultivation In India
260 _aDelhi :
_bFarm Inf. Unit Govt. India ,
_c1996.
300 _a ; .
504 _a
700 1 _aUma, S .
942 _cBK
999 _c12934
_d12934